[Event "ROM-ch U16"]
[Site "Calimanesti Caciulata"]
[Date "2016.04.21"]
[Round "4"]
[White "Petrusan, George Cristian"]
[Black "Flueras, Robert Lucian"]
[Result "1/2-1/2"]
[WhiteElo "1354"]
[BlackElo "1470"]
[PlyCount "48"]
[EventDate "2016.04.18"]
[EventType "swiss"]
[EventRounds "9"]
[EventCountry "ROU"]
[SourceTitle "CBM 172 Extra"]
[Source "ChessBase"]
[SourceDate "2016.06.21"]
[SourceVersion "1"]
[SourceVersionDate "2016.06.21"]
[SourceQuality "1"]

1. e4 c5 2. Nc3 Nc6 3. Bb5 d6 4. Bxc6+ bxc6 5. f4 Ba6 6. d3 d5 7. Nf3 e6 8. e5 c4 9. d4 c5 10. Be3 Qb6 11. Rb1 Nh6 12. h3 Nf5 13. Bf2 cxd4 14. Nxd4 Bc5 15. Nce2 Nxd4 16. Bxd4 Bxd4 17. Qxd4 Qxd4 18. Nxd4 Rb8 19. c3 Rb6 20. 0-0 Ke7 21. g4 Bb5 22. f5 Rf8 23. f6+ gxf6 24. Rxf6 Rg8 1/2-1/2

[Event "ROM-ch U14"]
[Site "Calimanesti"]
[Date "2014.04.08"]
[Round "3"]
[White "Flueras, Robert Lucian"]
[Black "Tita, Dumitru Tudor"]
[Result "1-0"]
[WhiteElo "1513"]
[BlackElo "1052"]
[PlyCount "49"]
[EventDate "2014.04.06"]
[EventType "swiss"]
[EventRounds "9"]
[EventCountry "ROU"]
[SourceTitle "CBM 160 Extra"]
[Source "ChessBase"]
[SourceDate "2014.07.01"]
[SourceVersion "1"]
[SourceVersionDate "2014.07.01"]
[SourceQuality "1"]

1. e4 e5 2. Nf3 Nc6 3. d4 exd4 4. Bc4 Qe7 5. 0-0 d6 6. Nxd4 Nxd4 7. Qxd4 Be6 8. Nc3 0-0-0 9. Bxe6+ Qxe6 10. Qxa7 Nf6 11. Qa8+ Kd7 12. Qxb7 Re8 13. f3 Nh5 14. Qb5+ c6 15. Qxh5 g6 16. Qg5 Be7 17. Qd2 Kc7 18. Ne2 d5 19. Kh1 Bd6 20. Nc3 Qe5 21. f4 Qh5 22. e5 Be7 23. Qe2 Qh6 24. f5 gxf5 25. Bxh6 1-0